[Event "DEM U14w 2022"]
[Site "Willingen GER"]
[Date "2022.06.08"]
[Round "5"]
[White "Peglau, Dora"]
[Black "Trunz, Michelle"]
[Result "1-0"]
[Termination "normal"]
[Board "1"]
[WhiteElo "2008"]
[BlackElo "1712"]
[WhiteClock "00:12:45"]
[BlackClock "00:03:52"]
[PlyCount "71"]
[WhiteFideId "16220005"]
[BlackFideId "16227980"]
[EventCountry "GER"]
[EventRounds "9"]
[EventType "swiss"]
[EventDate "2022.06.04"]

1. d4 {[%clk 1:30:58]} f5 {[%clk 1:30:48]} 2. c4 {[%clk 1:31:20]} Nf6 {[%clk
1:30:48]} 3. Nf3 {[%clk 1:31:25]} e6 {[%clk 1:30:53]} 4. Bf4 {[%clk 1:31:00]}
Bb4+ {[%clk 1:30:22]} 5. Nbd2 {[%clk 1:30:10]} Bxd2+ {[%clk 1:30:39]} 6. Qxd2
{[%clk 1:29:07]} d6 {[%clk 1:29:23]} 7. g3 {[%clk 1:27:30]} b6 {[%clk 1:28:44]}
8. Bg2 {[%clk 1:27:44]} Bb7 {[%clk 1:29:04]} 9. O-O {[%clk 1:27:50]} O-O {[%clk
1:28:39]} 10. Qc2 {[%clk 1:17:33]} Nbd7 {[%clk 1:28:05]} 11. b4 {[%clk
1:15:11]} Qe7 {[%clk 1:07:59]} 12. Rfd1 {[%clk 1:09:58]} Ne4 {[%clk 1:06:22]}
13. Ng5 {[%clk 1:00:41]} Nxg5 {[%clk 0:51:29]} 14. Bxg5 {[%clk 1:00:34]} Qxg5
{[%clk 0:51:51]} 15. Bxb7 {[%clk 1:01:00]} Rab8 {[%clk 0:51:04]} 16. Bg2 {[%clk
1:00:45]} Rf6 {[%clk 0:50:12]} 17. Qa4 {[%clk 0:57:04]} Rd8 {[%clk 0:46:17]}
18. Qxa7 {[%clk 0:57:04]} Rh6 {[%clk 0:43:50]} 19. Qxc7 {[%clk 0:55:06]} Nf8
{[%clk 0:41:19]} 20. Qxb6 {[%clk 0:48:20]} Rd7 {[%clk 0:34:37]} 21. Bf3 {[%clk
0:45:12]} f4 {[%clk 0:34:25]} 22. Qb5 {[%clk 0:43:44]} d5 {[%clk 0:31:40]} 23.
Qb8 {[%clk 0:33:54]} Rf7 {[%clk 0:30:41]} 24. Kg2 {[%clk 0:21:25]} Qf5 {[%clk
0:27:08]} 25. Rh1 {[%clk 0:20:09]} Qh3+ {[%clk 0:23:36]} 26. Kg1 {[%clk
0:20:38]} dxc4 {[%clk 0:13:39]} 27. a4 {[%clk 0:18:57]} g5 {[%clk 0:12:28]} 28.
a5 {[%clk 0:14:40]} g4 {[%clk 0:11:09]} 29. Bg2 {[%clk 0:15:03]} Qh5 {[%clk
0:11:20]} 30. a6 {[%clk 0:14:31]} f3 {[%clk 0:10:52]} 31. exf3 {[%clk 0:14:41]}
gxf3 {[%clk 0:10:42]} 32. Bf1 {[%clk 0:14:25]} Rg7 {[%clk 0:04:56]} 33. a7
{[%clk 0:12:40]} Rxg3+ {[%clk 0:03:41]} 34. Qxg3+ {[%clk 0:12:31]} Rg6 {[%clk
0:03:54]} 35. a8=Q {[%clk 0:12:30]} Rxg3+ {[%clk 0:03:52]} 36. hxg3 {[%clk
0:12:45]} 1-0

[Event "DEM U14w 2022"]
[Site "Willingen GER"]
[Date "2022.06.08"]
[Round "5"]
[White "Haug, Mara"]
[Black "Bräutigam, Katerina"]
[Result "0-1"]
[Termination "normal"]
[Board "2"]
[WhiteElo "1428"]
[BlackElo "1797"]
[WhiteClock "00:01:07"]
[BlackClock "00:00:46"]
[PlyCount "64"]
[WhiteFideId "16259300"]
[BlackFideId "16242980"]
[EventCountry "GER"]
[EventRounds "9"]
[EventType "swiss"]
[EventDate "2022.06.04"]

1. e4 {[%clk 1:30:55]} c5 {[%clk 1:30:57]} 2. Nf3 {[%clk 1:31:11]} d6 {[%clk
1:31:21]} 3. d4 {[%clk 1:31:29]} cxd4 {[%clk 1:31:47]} 4. Nxd4 {[%clk 1:31:47]}
Nf6 {[%clk 1:32:11]} 5. Nc3 {[%clk 1:31:43]} g6 {[%clk 1:32:31]} 6. Be3 {[%clk
1:31:08]} Bg7 {[%clk 1:32:52]} 7. f3 {[%clk 1:24:24]} a6 {[%clk 1:31:37]} 8.
Qd2 {[%clk 1:20:18]} b5 {[%clk 1:27:31]} 9. O-O-O {[%clk 1:14:18]} Bb7 {[%clk
1:24:28]} 10. h4 {[%clk 1:12:35]} h5 {[%clk 1:20:15]} 11. Kb1 {[%clk 1:08:02]}
Nbd7 {[%clk 1:15:26]} 12. g3 {[%clk 0:59:43]} Ne5 {[%clk 1:09:49]} 13. Bd3
{[%clk 0:53:39]} Rc8 {[%clk 1:01:14]} 14. Bf4 {[%clk 0:49:43]} Nxd3 {[%clk
0:46:47]} 15. Qxd3 {[%clk 0:48:22]} e5 {[%clk 0:35:10]} 16. Ndxb5 {[%clk
0:38:51]} axb5 {[%clk 0:34:21]} 17. Nxb5 {[%clk 0:32:47]} O-O {[%clk 0:31:27]}
18. Bg5 {[%clk 0:29:54]} Ba6 {[%clk 0:28:05]} 19. c4 {[%clk 0:24:28]} Qa5
{[%clk 0:17:45]} 20. Qxd6 {[%clk 0:19:02]} Rxc4 {[%clk 0:10:02]} 21. Na3 {[%clk
0:13:51]} Ra4 {[%clk 0:02:29]} 22. Bxf6 {[%clk 0:11:46]} Bxf6 {[%clk 0:00:43]}
23. Rd5 {[%clk 0:06:00]} Rd4 {[%clk 0:00:33]} 24. Qxf6 {[%clk 0:05:01]} Bd3+
{[%clk 0:00:34]} 25. Ka1 {[%clk 0:04:37]} Rxd5 {[%clk 0:00:36]} 26. exd5 {[%clk
0:04:58]} Qxd5 {[%clk 0:00:35]} 27. Re1 {[%clk 0:03:38]} Rc8 {[%clk 0:00:35]}
28. Qg5 {[%clk 0:02:07]} Qd4 {[%clk 0:00:33]} 29. Qd2 {[%clk 0:01:53]} Ra8
{[%clk 0:00:40]} 30. Nb1 {[%clk 0:01:07]} Qc4 {[%clk 0:00:33]} 31. Nc3 {[%clk
0:01:14]} Bf5 {[%clk 0:00:33]} 32. Qd5 {[%clk 0:01:07]} Rxa2+ {[%clk 0:00:46]}
0-1